00733nam a2200217 a 4500001001300000003000900013005001700022008004100039020002300080082001600103100001600119245006000135260003900195300000900234500003500243505001000278505017200288650002000460650001900480700001600499nice12345678IN_TiNIC20260116013231.0050524s1990 dela grp 000 0 eng  a8120851 c90000a294.38bCOW aCowell, E B aJataka Or Stories of the Buddha`s Former Births Vol.1-2 aDelhi bMotilal Banarsidass c1990 a316p aincludes index and biblioraphy2 aIndex2 aIndex00gV1.tJataka Or Stories of the Buddha`s Former Births.--gV2.tJataka Or Stories of the Buddha`s Former Births.--gV3.tJataka Or Stories of the Buddha`s Forme aBuddhism-Jataka aJataka Stories1 aCowell, E B